00943 2200205 4500001002100000005001500021035002000036007000300056008004100059020002200100082001000122084001600132100002700148245008400175250001200259260004700271300005300318650001500371520035100386INLIS00000000000008420220606092153 a0010-0622000005ta220606 b 0 ind  a978-623-96792-5-5 a372.7 a372.7 MUH b0 aMuhammad Fikri Ghozali1 aBuku Pendamping Matematika IV :buntuk SD/MI Kelas IV /cMuhammad Fikri Ghozali aPertama aSukoharjo :bPustaka Raya Nusantara,c2021 a106 halaman :bilustrasi tidak berwarna ;c26 cm 4aMatematika aPelajaran Matematika erat kaitannya dalam kehidupan sehari-hari karena secara tidak langsung kita menggunakan angk-angka, seperti menghitung jam, menghitung uang, menghitung benda, dan lainnya. Buku pendamping Matematika ini menyajikan materi dengan pendekatan saintifik, berbasis aktivitas, memuat HOTS (High Order Thingking Skill) dan Literasi.